[Event "CRO-CupT final"]
[Site "Sibenik"]
[Date "2015.05.22"]
[Round "4.2"]
[White "Hulak, Krunoslav"]
[Black "Dumpor, Atif"]
[Result "1-0"]
[WhiteElo "2453"]
[BlackElo "2325"]
[PlyCount "143"]
[EventDate "2015.05.20"]
[EventType "team-swiss"]
[EventRounds "6"]
[EventCountry "CRO"]
[SourceTitle "CBM 166 Extra"]
[Source "ChessBase"]
[SourceDate "2015.06.18"]
[SourceVersion "1"]
[SourceVersionDate "2015.06.18"]
[SourceQuality "1"]
[WhiteTeam "Zagreb Mladost"]
[BlackTeam "Kastel Novi"]
[WhiteTeamCountry "CRO"]
[BlackTeamCountry "CRO"]

1. d4 Nf6 2. c4 e6 3. Nc3 d5 4. cxd5 exd5 5. Bg5 Nbd7 6. e3 c6 7. Bd3 Be7 8. Qc2 Nf8 9. Nge2 Ne6 10. Bh4 g6 11. 0-0 0-0 12. f3 c5 13. dxc5 Bxc5 14. Kh1 Bxe3 15. Nxd5 Qxd5 16. Bxf6 Nf4 17. Be4 Qh5 18. Nc3 Qc5 19. Nd5 Nxd5 20. Qxc5 Bxc5 21. Bxd5 Re8 22. Rfe1 Rxe1+ 23. Rxe1 Be6 24. Rd1 Bxd5 25. Rxd5 Re8 26. g4 b6 27. Rd7 a5 28. g5 Be3 29. Kg2 h6 30. h4 Bf4 31. Rd4 Be3 32. Rd5 Bf4 33. a4 Kf8 34. Kf2 h5 35. b3 Re6 36. Rd8+ Re8 37. Rd7 Kg8 38. Bd4 Rb8 39. Rd5 Kf8 40. Rb5 Bc7 41. f4 Ke7 42. Kf3 Kd7 43. f5 Kc6 44. Be5 Re8 45. Kf4 Re7 46. Bxc7 Kxc7 47. Re5 Rd7 48. Ke4 Rd1 49. Re7+ Kd6 50. Rxf7 Re1+ 51. Kd4 Rd1+ 52. Kc4 gxf5 53. Rxf5 Rh1 54. Rf6+ Ke5 55. Rxb6 Rxh4+ 56. Kc3 Rg4 57. Rb5+ Kf4 58. Rxa5 h4 59. g6 Rxg6 60. Rh5 Kg3 61. a5 h3 62. b4 Ra6 63. Kc4 h2 64. Kb5 Rf6 65. Rxh2 Kxh2 66. a6 Kg3 67. a7 Rf8 68. Kc5 Rf5+ 69. Kd4 Rf4+ 70. Ke5 Rf8 71. b5 Ra8 72. b6 1-0

[Event "CRO-CupT final"]
[Site "Sibenik"]
[Date "2015.05.21"]
[Round "2.4"]
[White "Hulak, Krunoslav"]
[Black "Vukelic, Tomislav"]
[Result "1-0"]
[WhiteElo "2453"]
[BlackElo "2211"]
[PlyCount "127"]
[EventDate "2015.05.20"]
[EventType "team-swiss"]
[EventRounds "6"]
[EventCountry "CRO"]
[SourceTitle "CBM 166 Extra"]
[Source "ChessBase"]
[SourceDate "2015.06.18"]
[SourceVersion "1"]
[SourceVersionDate "2015.06.18"]
[SourceQuality "1"]
[WhiteTeam "Zagreb Mladost"]
[BlackTeam "Slavonski Brod"]
[WhiteTeamCountry "CRO"]
[BlackTeamCountry "CRO"]

1. d4 d5 2. c4 c6 3. Nf3 Nf6 4. Nc3 e6 5. Bg5 Nbd7 6. e3 Qa5 7. Nd2 dxc4 8. Bxf6 Nxf6 9. Nxc4 Qc7 10. Be2 Be7 11. 0-0 0-0 12. a3 Rd8 13. b4 Nd5 14. Qb3 Nxc3 15. Qxc3 Bd7 16. Rfc1 a6 17. Rab1 Be8 18. Qb3 Rac8 19. g3 Bf8 20. a4 Ra8 21. a5 Qe7 22. Nb6 Rab8 23. Bc4 Rd6 24. Qc3 f6 25. Na4 Kh8 26. Nc5 e5 27. dxe5 fxe5 28. Bb3 Bf7 29. Bxf7 Qxf7 30. Qxe5 Re8 31. Qc3 Red8 32. Rf1 Rd2 33. Qb3 Qf3 34. e4 Qh5 35. Qe6 Bxc5 36. bxc5 Re8 37. Qc4 Rd7 38. Rfe1 h6 39. Qc3 Re5 40. Rbc1 Qe8 41. f3 Qe7 42. Re2 Rd8 43. Qe3 Rd7 44. f4 Re6 45. e5 Qd8 46. f5 Re8 47. e6 Rd3 48. Qf2 Qg5 49. Rce1 Re7 50. Kg2 Rd5 51. Re5 Rd2 52. R1e2 Rd3 53. R5e4 Rd5 54. Re5 Rd3 55. h4 Qf6 56. Qf4 Re8 57. e7 Rd7 58. Re6 Rdxe7 59. Rxf6 Rxe2+ 60. Kh3 gxf6 61. Qxh6+ Kg8 62. Qg6+ Kh8 63. Qxf6+ Kg8 64. Qg6+ 1-0

[Event "CRO-chT1A"]
[Site "Bol"]
[Date "2014.10.08"]
[Round "5.2"]
[White "Hulak, Krunoslav"]
[Black "Kozul, Zdenko"]
[Result "1/2-1/2"]
[WhiteElo "2463"]
[BlackElo "2613"]
[PlyCount "105"]
[EventDate "2014.10.04"]
[EventType "team-tourn"]
[EventRounds "9"]
[EventCountry "CRO"]
[SourceTitle "CBM 162 Extra"]
[Source "ChessBase"]
[SourceDate "2014.10.17"]
[SourceVersion "1"]
[SourceVersionDate "2014.10.17"]
[SourceQuality "1"]
[WhiteTeam "Zagreb Mladost"]
[BlackTeam "Zagreb Zagreb"]
[WhiteTeamCountry "CRO"]
[BlackTeamCountry "CRO"]

1. d4 Nf6 2. c4 g6 3. Nf3 Bg7 4. g3 0-0 5. Bg2 c6 6. Nc3 d6 7. 0-0 Qb6 8. b3 e5 9. d5 e4 10. Ng5 cxd5 11. cxd5 Bf5 12. Be3 Qd8 13. Rc1 Re8 14. Bd4 Na6 15. Bxf6 Qxf6 16. Ngxe4 Qe7 17. Nd2 Bxc3 18. Rxc3 Qxe2 19. Nc4 Qe7 20. Qd4 b5 21. Ne3 Bd7 22. b4 Qe5 23. Qd2 Rec8 24. Rfc1 Rxc3 25. Rxc3 Rc8 26. Rxc8+ Bxc8 27. Qc1 Qe8 28. a3 Bd7 29. Qc3 Qe5 30. Qc1 Qe8 31. Bf1 h5 32. h4 Qe5 33. Kh2 Kf8 34. Bh3 Qe8 35. Qc3 Bxh3 36. Kxh3 Qd7+ 37. Kg2 Nc7 38. f3 Ke7 39. g4 Ne8 40. Kg3 Nf6 41. g5 Ne8 42. f4 Qc7 43. Qxc7+ Nxc7 44. f5 Na8 45. Kf4 Nb6 46. Ke4 a6 47. Kd4 Nd7 48. Kd3 Ne5+ 49. Ke4 Ke8 50. Kf4 Kf8 51. Ke4 Kg7 52. f6+ Kf8 53. Nc2 1/2-1/2

[Event "CRO-chT"]
[Site "Bol"]
[Date "2014.05.16"]
[Round "4.2"]
[White "Cebalo, Miso"]
[Black "Hulak, Krunoslav"]
[Result "1/2-1/2"]
[WhiteElo "2423"]
[BlackElo "2470"]
[PlyCount "82"]
[EventDate "2014.05.14"]
[EventType "team-swiss"]
[EventRounds "6"]
[EventCountry "CRO"]
[SourceTitle "CBM 160 Extra"]
[Source "ChessBase"]
[SourceDate "2014.07.01"]
[SourceVersion "1"]
[SourceVersionDate "2014.07.01"]
[SourceQuality "1"]
[WhiteTeam "Djakovo Limmont"]
[BlackTeam "Zagreb Mladost"]
[WhiteTeamCountry "CRO"]
[BlackTeamCountry "CRO"]

1. d4 Nf6 2. Bg5 e6 3. e4 h6 4. Bxf6 Qxf6 5. c3 d6 6. Bd3 e5 7. Ne2 g6 8. 0-0 Bg7 9. Nd2 0-0 10. f4 Qe7 11. Kh1 Nd7 12. f5 exd4 13. cxd4 c5 14. Nf4 gxf5 15. Nd5 Qd8 16. exf5 Nf6 17. Nxf6+ Bxf6 18. Qh5 Kg7 19. Rf3 Rh8 20. dxc5 d5 21. Rg3+ Kf8 22. Re1 Bd7 23. Nf3 Qc7 24. b4 Re8 25. Rxe8+ Bxe8 26. Ng1 a6 27. Qf3 Bc6 28. Qe3 d4 29. Qe2 Qe7 30. Qd1 Be5 31. Rh3 Bf4 32. Nf3 Be3 33. Qc2 Rg8 34. a4 Qe8 35. b5 axb5 36. axb5 Bxb5 37. Ne5 Ba4 38. Qa2 Qxe5 39. Qxa4 Qxc5 40. Rf3 Qc6 41. Qa5 Qf6 1/2-1/2

[Event "EU-chT Seniors"]
[Site "Sibenik"]
[Date "2014.04.07"]
[Round "7.1"]
[White "Hulak, Krunoslav"]
[Black "Dvoirys, Semen I"]
[Result "1/2-1/2"]
[WhiteElo "2475"]
[BlackElo "2560"]
[PlyCount "58"]
[EventDate "2014.04.01"]
[EventType "team-swiss"]
[EventRounds "9"]
[EventCountry "CRO"]
[SourceTitle "CBM 159 Extra"]
[Source "ChessBase"]
[SourceDate "2014.04.24"]
[SourceVersion "1"]
[SourceVersionDate "2014.04.24"]
[SourceQuality "1"]
[WhiteTeam "Croatia Seniors"]
[BlackTeam "Russia Seniors"]
[WhiteTeamCountry "CRO"]
[BlackTeamCountry "RUS"]

1. d4 Nf6 2. c4 e6 3. Nf3 b6 4. e3 Bb7 5. Bd3 d5 6. Nc3 Nbd7 7. 0-0 Be7 8. cxd5 exd5 9. b3 0-0 10. Bb2 c5 11. Rc1 Re8 12. Ne5 cxd4 13. exd4 Bd6 14. f4 Rc8 15. Qf3 a6 16. Bf5 Rc7 17. Na4 Nf8 18. Rxc7 Bxc7 19. Rc1 Ne4 20. g3 Bd6 21. Rc2 Qf6 22. Bh3 b5 23. Nc3 Bxe5 24. dxe5 Qb6+ 25. Kf1 Ne6 26. Bf5 Nxc3 27. Qxc3 g6 28. Bh3 b4 29. Qd2 d4 1/2-1/2

[Event "EU-chT Seniors"]
[Site "Sibenik"]
[Date "2014.04.01"]
[Round "1.3"]
[White "Roth, Peter"]
[Black "Hulak, Krunoslav"]
[Result "0-1"]
[WhiteElo "2176"]
[BlackElo "2475"]
[PlyCount "46"]
[EventDate "2014.04.01"]
[EventType "team-swiss"]
[EventRounds "9"]
[EventCountry "CRO"]
[SourceTitle "CBM 159 Extra"]
[Source "ChessBase"]
[SourceDate "2014.04.24"]
[SourceVersion "1"]
[SourceVersionDate "2014.04.24"]
[SourceQuality "1"]
[WhiteTeam "Austria Wien Seniors II"]
[BlackTeam "Croatia Seniors"]
[WhiteTeamCountry "AUT"]
[BlackTeamCountry "CRO"]

1. e4 c5 2. Nf3 e6 3. d3 Nc6 4. g3 g6 5. Bg2 Bg7 6. 0-0 Nge7 7. c3 d5 8. Qe2 b6 9. h4 h6 10. e5 Ba6 11. Bf4 Qc7 12. Re1 g5 13. hxg5 Ng6 14. Qe3 hxg5 15. Nxg5 Bxe5 16. Bxd5 0-0-0 17. Bxe5 Ncxe5 18. Bg2 Rxd3 19. Qe4 Bb7 20. Qxb7+ Qxb7 21. Bxb7+ Kxb7 22. f4 Rxg3+ 23. Kf2 Rxg5 0-1

[Event "Wch Seniors 23rd"]
[Site "Opatija"]
[Date "2013.11.19"]
[Round "7"]
[White "Hulak, Krunoslav"]
[Black "Mochalov, Evgeny Veniaminovic"]
[Result "1-0"]
[WhiteElo "2473"]
[BlackElo "2404"]
[PlyCount "91"]
[EventDate "2013.11.12"]
[EventType "swiss"]
[EventRounds "11"]
[EventCountry "CRO"]
[SourceTitle "CBM 157 Extra"]
[Source "ChessBase"]
[SourceDate "2013.12.19"]
[SourceVersion "1"]
[SourceVersionDate "2013.12.19"]
[SourceQuality "1"]

1. d4 Nf6 2. c4 g6 3. g3 c5 4. Nf3 Bg7 5. Nc3 cxd4 6. Nxd4 Nc6 7. Bg2 0-0 8. 0-0 Ng4 9. e3 Nge5 10. b3 d6 11. Bb2 Bg4 12. f3 Bd7 13. Qd2 Qa5 14. Rfd1 Nxd4 15. exd4 Nc6 16. d5 Nd4 17. Ne4 Qxd2 18. Rxd2 Nf5 19. Bxg7 Kxg7 20. Kf2 Rfc8 21. Bf1 a5 22. Re1 Rc7 23. Nc3 Kf8 24. g4 Ng7 25. Bd3 f6 26. Ne2 Kf7 27. Nd4 a4 28. Rde2 Be8 29. b4 a3 30. b5 Kf8 31. b6 Rd7 32. f4 Bf7 33. f5 Ra4 34. Nc6 gxf5 35. gxf5 Bh5 36. Rxe7 Rxe7 37. Rxe7 bxc6 38. Rxg7 Kxg7 39. dxc6 Rb4 40. c7 Rxb6 41. c8Q Rb2+ 42. Ke3 Rxa2 43. Qc7+ Bf7 44. Qxd6 Ra1 45. Qa6 a2 46. Kd4 1-0

[Event "Wch Seniors 23rd"]
[Site "Opatija"]
[Date "2013.11.16"]
[Round "5"]
[White "Hulak, Krunoslav"]
[Black "Chernikov, Oleg L"]
[Result "1-0"]
[WhiteElo "2473"]
[BlackElo "2400"]
[PlyCount "151"]
[EventDate "2013.11.12"]
[EventType "swiss"]
[EventRounds "11"]
[EventCountry "CRO"]
[SourceTitle "CBM 157 Extra"]
[Source "ChessBase"]
[SourceDate "2013.12.19"]
[SourceVersion "1"]
[SourceVersionDate "2013.12.19"]
[SourceQuality "1"]

1. d4 d5 2. c4 e6 3. Nc3 a6 4. e3 Nf6 5. Nf3 dxc4 6. a4 c5 7. Bxc4 Nc6 8. 0-0 Be7 9. Qe2 0-0 10. Rd1 Qb6 11. b3 Rd8 12. Ba3 Bd7 13. Ne5 Be8 14. a5 Nxa5 15. Nd3 Qc7 16. Bxc5 Bxc5 17. Nxc5 b6 18. N5e4 Nxe4 19. Nxe4 Bc6 20. Nd2 e5 21. Bxa6 exd4 22. e4 Qd6 23. Bd3 Re8 24. Re1 Bb7 25. e5 Qh6 26. Nc4 Nxc4 27. Rxa8 Bxa8 28. Bxc4 Qg6 29. f3 Rd8 30. Rd1 h6 31. Rd2 Bc6 32. Rd1 Kf8 33. Qf2 Kg8 34. Qe2 h5 35. g3 h4 36. Kg2 Kh8 37. Kf2 Qf5 38. f4 g6 39. Kg1 Kg7 40. g4 Qxf4 41. Rf1 d3 42. Rxf4 dxe2 43. Rxf7+ Kh6 44. Kf2 Re8 45. Bxe2 Bd5 46. Rf6 Bxb3 47. Bd3 Re6 48. Rxe6 Bxe6 49. h3 g5 50. Ke3 Bd5 51. Kd4 Be6 52. Bb5 Kg7 53. Bc6 Kf7 54. Bb5 Ke7 55. Bc6 Bd7 56. Bd5 Ba4 57. Bf3 Kd7 58. Bd5 Kc7 59. Ke4 Bc2+ 60. Kd4 Bb1 61. Bc4 Kd7 62. Bb5+ Ke7 63. Bc4 Bg6 64. Bd5 Be8 65. Ke4 Bd7 66. Kd4 Be6 67. Bc6 Kd8 68. Ke4 Kc7 69. Bb5 Bd7 70. Bc4 b5 71. Bb3 Kd8 72. e6 Bc8 73. Kf5 Ke7 74. Ba2 b4 75. Bb3 Kd6 76. Kf6 1-0

[Event "CRO-chT"]
[Site "Bol"]
[Date "2013.09.20"]
[Round "7.1"]
[White "Galic, Ivan"]
[Black "Hulak, Krunoslav"]
[Result "1-0"]
[WhiteElo "2345"]
[BlackElo "2484"]
[PlyCount "103"]
[EventDate "2013.09.14"]
[EventType "team-tourn"]
[EventRounds "9"]
[EventCountry "CRO"]
[SourceTitle "CBM 156 Extra"]
[Source "ChessBase"]
[SourceDate "2013.10.22"]
[SourceVersion "1"]
[SourceVersionDate "2013.10.22"]
[SourceQuality "1"]
[WhiteTeam "Solin Cemex"]
[BlackTeam "Zagreb Mladost"]
[WhiteTeamCountry "CRO"]
[BlackTeamCountry "CRO"]

1. e4 c5 2. Nf3 Nc6 3. Bb5 g6 4. Bxc6 dxc6 5. d3 Bg7 6. h3 Nf6 7. Nc3 Nd7 8. Be3 e5 9. Qd2 h6 10. Nh2 Qe7 11. 0-0-0 Nf8 12. f4 exf4 13. Bxf4 Ne6 14. Be3 Nd4 15. Rdf1 Be6 16. Ng4 g5 17. Qf2 0-0-0 18. Nf6 Qd6 19. g4 Bxf6 20. Qxf6 Nxc2 21. Bxc5 Qxc5 22. Kxc2 h5 23. Kb1 hxg4 24. hxg4 Rxh1 25. Rxh1 Qe3 26. Ka1 Rxd3 27. Nd5 cxd5 28. Qe7 Bd7 29. e5 Qb6 30. Rc1+ Bc6 31. Qe8+ Qd8 32. Rxc6+ bxc6 33. Qxc6+ Qc7 34. Qe8+ Kb7 35. Qb5+ Qb6 36. Qd7+ Kb8 37. Qe8+ Kc7 38. Qxf7+ Kc6 39. Qg6+ Kb7 40. Qxd3 Qg1+ 41. Qb1 Qxg4 42. Qh7+ Kb6 43. Qg6+ Ka5 44. a3 Qc4 45. Qxg5 Kb5 46. Qg2 Qe4 47. Qf1+ Kc5 48. Qf6 d4 49. Qd6+ Kc4 50. e6 Qe1+ 51. Ka2 d3 52. b3+ 1-0

[Event "CRO-chT"]
[Site "Bol"]
[Date "2013.09.19"]
[Round "6.5"]
[White "Hulak, Krunoslav"]
[Black "Plenca, Julian"]
[Result "1-0"]
[WhiteElo "2484"]
[BlackElo "2345"]
[PlyCount "85"]
[EventDate "2013.09.14"]
[EventType "team-tourn"]
[EventRounds "9"]
[EventCountry "CRO"]
[SourceTitle "CBM 156 Extra"]
[Source "ChessBase"]
[SourceDate "2013.10.22"]
[SourceVersion "1"]
[SourceVersionDate "2013.10.22"]
[SourceQuality "1"]
[WhiteTeam "Zagreb Mladost"]
[BlackTeam "Rijeka Rijeka"]
[WhiteTeamCountry "CRO"]
[BlackTeamCountry "CRO"]

1. Nf3 Nf6 2. c4 g6 3. Nc3 d5 4. Qa4+ Bd7 5. Qb3 dxc4 6. Qxc4 Bg7 7. e4 0-0 8. e5 Ng4 9. d4 Be6 10. d5 Bf5 11. Bf4 Nd7 12. Qe2 f6 13. e6 Nde5 14. Rd1 Qd6 15. h3 Nxf3+ 16. Qxf3 Ne5 17. Qe3 g5 18. Bxe5 fxe5 19. Bd3 e4 20. Bxe4 Qb4 21. 0-0 Qxb2 22. Bxf5 Rxf5 23. Ne4 h6 24. Qc5 Qe5 25. Ng3 Rf6 26. Qxe7 Bf8 27. Qd7 Bc5 28. Nh5 Rff8 29. Qa4 Rxf2 30. Rxf2 Rf8 31. Qc2 Bxf2+ 32. Kh1 Be1 33. Qg6+ Kh8 34. Qxh6+ Kg8 35. Qg6+ Kh8 36. Qh6+ Kg8 37. Qg6+ Kh8 38. Qd3 c5 39. a4 g4 40. hxg4 Qg5 41. d6 Qxg4 42. e7 Rg8 43. Qf3 1-0

[Event "Wch Seniors 21st"]
[Site "Rijeka"]
[Date "2011.11.23"]
[Round "8"]
[White "Okhotnik, Vladimir"]
[Black "Hulak, Krunoslav"]
[Result "1/2-1/2"]
[WhiteElo "2427"]
[BlackElo "2480"]
[PlyCount "39"]
[EventDate "2011.11.15"]
[EventType "swiss"]
[EventRounds "11"]
[EventCountry "CRO"]
[SourceTitle "CBM 145 Extra"]
[Source "ChessBase"]
[SourceDate "2012.01.03"]
[SourceVersion "1"]
[SourceVersionDate "2012.01.03"]
[SourceQuality "1"]

1. e4 c5 2. Nf3 e6 3. c3 Nf6 4. e5 Nd5 5. d4 cxd4 6. cxd4 d6 7. Bc4 Nc6 8. 0-0 Be7 9. Bd2 0-0 10. Nc3 Nxc3 11. Bxc3 dxe5 12. dxe5 Qb6 13. Qe2 Bd7 14. Bd3 Nb4 15. Bxb4 Qxb4 16. a3 Qb3 17. Bc2 Qb5 18. Bd3 Qb3 19. Bc2 Qb5 20. Bd3 1/2-1/2

[Event "Wch Seniors 21st"]
[Site "Rijeka"]
[Date "2011.11.22"]
[Round "7"]
[White "Hulak, Krunoslav"]
[Black "Jansa, Vlastimil"]
[Result "1/2-1/2"]
[WhiteElo "2480"]
[BlackElo "2478"]
[PlyCount "50"]
[EventDate "2011.11.15"]
[EventType "swiss"]
[EventRounds "11"]
[EventCountry "CRO"]
[SourceTitle "CBM 145 Extra"]
[Source "ChessBase"]
[SourceDate "2012.01.03"]
[SourceVersion "1"]
[SourceVersionDate "2012.01.03"]
[SourceQuality "1"]

1. Nf3 Nf6 2. c4 g6 3. Nc3 d5 4. Qa4+ Bd7 5. Qb3 dxc4 6. Qxc4 Bg7 7. e4 0-0 8. e5 Ne8 9. d4 Na6 10. Be2 c6 11. Qb3 Qb6 12. Qxb6 axb6 13. Na4 b5 14. Nb6 Rd8 15. Nxd7 Rxd7 16. a4 Nb4 17. Kd1 Nc7 18. Be3 bxa4 19. Rxa4 Nbd5 20. Bd2 Ne6 21. Kc2 Rfd8 22. g3 Nb6 23. Rb4 Nd5 24. Ra4 Nb6 25. Rb4 Nd5 1/2-1/2

[Event "Wch Seniors 21st"]
[Site "Rijeka"]
[Date "2011.11.19"]
[Round "5"]
[White "Hulak, Krunoslav"]
[Black "Rajkovic, Dusan"]
[Result "1-0"]
[WhiteElo "2480"]
[BlackElo "2416"]
[PlyCount "123"]
[EventDate "2011.11.15"]
[EventType "swiss"]
[EventRounds "11"]
[EventCountry "CRO"]
[SourceTitle "CBM 145 Extra"]
[Source "ChessBase"]
[SourceDate "2012.01.03"]
[SourceVersion "1"]
[SourceVersionDate "2012.01.03"]
[SourceQuality "1"]

1. Nf3 c5 2. c4 Nf6 3. Nc3 b6 4. d4 cxd4 5. Nxd4 Bb7 6. f3 d6 7. e4 e6 8. Be3 Be7 9. Qd2 a6 10. Be2 0-0 11. 0-0 Qc7 12. Rfc1 Nbd7 13. b4 Rac8 14. Rab1 Qb8 15. Kh1 Bd8 16. Rc2 Re8 17. Nb3 Bc7 18. Bg1 h5 19. a4 d5 20. exd5 Bf4 21. Qd1 exd5 22. c5 h4 23. Bd3 Qe5 24. Ne2 Be3 25. Bxe3 Qxe3 26. Bf5 g6 27. Bh3 bxc5 28. bxc5 Bc6 29. Ned4 Bxa4 30. c6 Ne5 31. Bxc8 Rxc8 32. Qc1 Qxc1+ 33. Rcxc1 Nc4 34. Ra1 Bxb3 35. Nxb3 Rxc6 36. Na5 Rc7 37. Nxc4 dxc4 38. Rxa6 Kg7 39. Kg1 c3 40. Rd6 Rc5 41. Rd4 g5 42. f4 g4 43. Kf2 Nd5 44. Ke2 Kf6 45. Kd3 Ke6 46. Ra4 Rc6 47. g3 hxg3 48. hxg3 f5 49. Kd4 Rd6 50. Re1+ Kf7 51. Kc5 Rd8 52. Rd4 c2 53. Rxd5 Rc8+ 54. Kd4 c1Q 55. Rxf5+ Kg6 56. Rxc1 Rxc1 57. Rg5+ Kf6 58. Rxg4 Re1 59. Rg5 Re2 60. g4 Rg2 61. Ke3 Rg3+ 62. Kf2 1-0

[Event "CRO-chT1A 19th"]
[Site "Sibenik"]
[Date "2010.09.11"]
[Round "8"]
[White "Hulak, Krunoslav"]
[Black "Zufic, Miroslav"]
[Result "1/2-1/2"]
[WhiteElo "2510"]
[BlackElo "2429"]
[PlyCount "87"]
[EventDate "2010.09.04"]
[EventType "team-tourn"]
[EventRounds "9"]
[EventCountry "CRO"]
[SourceTitle "CBM 138 Extra"]
[Source "ChessBase"]
[SourceDate "2010.10.29"]
[SourceVersion "1"]
[SourceVersionDate "2010.10.29"]
[SourceQuality "1"]

1. d4 Nf6 2. c4 g6 3. g3 Bg7 4. Bg2 d5 5. cxd5 Nxd5 6. Nf3 0-0 7. 0-0 c5 8. dxc5 Na6 9. Ng5 e6 10. Ne4 Bd7 11. Nbc3 Bc6 12. Rb1 f5 13. Nxd5 Bxd5 14. Nd6 Bxg2 15. Kxg2 Nxc5 16. Be3 Qd7 17. Kg1 Na4 18. Nxb7 Qxd1 19. Rfxd1 Nxb2 20. Rd7 Rf7 21. Rxf7 Kxf7 22. Rc1 Na4 23. Rc7+ Kg8 24. Bd2 Rb8 25. Bb4 Be5 26. Rd7 Nb6 27. Rd8+ Kf7 28. Bd6 Rxb7 29. Bxe5 Nc4 30. Rb8 Rxb8 31. Bxb8 a5 32. Kf1 e5 33. Ke1 Ke6 34. Kd1 Kd5 35. Kc2 Na3+ 36. Kb2 Nb5 37. a4 Nd4 38. Bc7 Nc6 39. Kc3 h5 40. Bb6 g5 41. h4 gxh4 42. gxh4 Nd4 43. Kd3 Nb3 44. e3 1/2-1/2

[Event "CRO-chT1A 19th"]
[Site "Sibenik"]
[Date "2010.09.08"]
[Round "5"]
[White "Hulak, Krunoslav"]
[Black "Rade, Miroslav"]
[Result "1/2-1/2"]
[WhiteElo "2510"]
[BlackElo "2428"]
[PlyCount "40"]
[EventDate "2010.09.04"]
[EventType "team-tourn"]
[EventRounds "9"]
[EventCountry "CRO"]
[SourceTitle "CBM 138 Extra"]
[Source "ChessBase"]
[SourceDate "2010.10.29"]
[SourceVersion "1"]
[SourceVersionDate "2010.10.29"]
[SourceQuality "1"]

1. Nf3 Nf6 2. g3 g6 3. Bg2 Bg7 4. 0-0 0-0 5. c4 d5 6. cxd5 Nxd5 7. d4 Nb6 8. Nc3 Nc6 9. d5 Na5 10. Qc2 c6 11. dxc6 Nxc6 12. Rd1 Qe8 13. h3 Bd7 14. Bg5 Rc8 15. Rac1 h6 16. Bd2 e5 17. Be3 Bf5 18. Qb3 Be6 19. Qc2 Bf5 20. Qb3 Be6 1/2-1/2

[Event "CRO-Cup 19th"]
[Site "Sibenik"]
[Date "2010.05.22"]
[Round "5"]
[White "Grgurevic, Boris"]
[Black "Hulak, Krunoslav"]
[Result "1/2-1/2"]
[WhiteElo "2225"]
[BlackElo "2509"]
[PlyCount "67"]
[EventDate "2010.05.19"]
[EventType "team-tourn"]
[EventRounds "6"]
[EventCountry "CRO"]
[SourceTitle "CBM 136 Extra"]
[Source "ChessBase"]
[SourceDate "2010.07.02"]
[SourceVersion "2"]
[SourceVersionDate "2010.07.15"]
[SourceQuality "1"]

1. e4 c5 2. c3 Nf6 3. e5 Nd5 4. d4 cxd4 5. Nf3 e6 6. cxd4 d6 7. Be2 Nc6 8. 0-0 Be7 9. exd6 Qxd6 10. Nc3 0-0 11. a3 Rd8 12. Qb3 Nxc3 13. bxc3 b6 14. a4 Bb7 15. Re1 Rac8 16. a5 Nxa5 17. Rxa5 Bxf3 18. Rxa7 Bxe2 19. Ba3 Qc6 20. Bxe7 Bc4 21. Qa3 Rd7 22. Rxd7 Qxd7 23. Ra1 h6 24. h3 Bd5 25. Bb4 Qc6 26. f3 Qc7 27. Qb2 Qg3 28. Qf2 Qf4 29. Qe1 Qg5 30. Kh1 Qf4 31. Qc1 Qf5 32. Qb1 Qh5 33. Qe1 Rd8 34. Qg3 1/2-1/2

[Event "CRO-chT1A 18th"]
[Site "Sibenik"]
[Date "2009.09.22"]
[Round "2"]
[White "Hulak, Krunoslav"]
[Black "Plenkovic, Zdenko"]
[Result "0-1"]
[WhiteElo "2520"]
[BlackElo "2370"]
[PlyCount "108"]
[EventDate "2009.09.21"]
[EventType "team-tourn"]
[EventRounds "9"]
[EventCountry "CRO"]
[SourceTitle "CBM 132 Extra"]
[Source "ChessBase"]
[SourceDate "2009.11.03"]
[SourceVersion "1"]
[SourceVersionDate "2009.11.03"]
[SourceQuality "1"]

1. d4 Nf6 2. c4 g6 3. Nf3 Bg7 4. g3 0-0 5. Bg2 d6 6. 0-0 Nc6 7. Nc3 Bf5 8. b3 Ne4 9. Nd5 Bd7 10. Bb2 f5 11. e3 e6 12. Nf4 Qe7 13. a3 a5 14. Qc2 Rae8 15. d5 Nd8 16. dxe6 Nxe6 17. Nd5 Qf7 18. Nd2 Nxd2 19. Qxd2 Bxb2 20. Qxb2 Bc6 21. Qc3 Nc5 22. Rab1 a4 23. b4 Ne4 24. Qd4 b5 25. Rbd1 Bxd5 26. cxd5 Re5 27. Rd3 Rb8 28. Qa7 Rd8 29. Qb7 Qe8 30. Rc1 Re7 31. Bxe4 fxe4 32. Rdc3 Rb8 33. Qa7 c5 34. Qa6 c4 35. Qxd6 Rd8 36. Qc5 Re5 37. Rd1 Qd7 38. Rcc1 Rxd5 39. Rxd5 Qxd5 40. Qe7 Rd7 41. Qf6 Rf7 42. Qb2 Qd3 43. Kg2 Qd5 44. Rc2 Rd7 45. h4 Qf5 46. Rd2 Rd3 47. Rxd3 Qf3+ 48. Kg1 exd3 49. Qd4 Qc6 50. h5 gxh5 51. Qd8+ Kf7 52. Qg5 c3 53. Qxh5+ Kf8 54. Qf5+ Ke8 0-1

[Event "CRO-Cup 18th"]
[Site "Sibenik"]
[Date "2009.05.21"]
[Round "2"]
[White "Franic, Milan"]
[Black "Hulak, Krunoslav"]
[Result "1/2-1/2"]
[WhiteElo "2421"]
[BlackElo "2532"]
[PlyCount "131"]
[EventDate "2009.05.20"]
[EventType "tourn"]
[EventRounds "5"]
[EventCountry "CRO"]
[SourceTitle "CBM 130 Extra"]
[Source "ChessBase"]
[SourceDate "2009.07.02"]
[SourceVersion "2"]
[SourceVersionDate "2009.07.15"]
[SourceQuality "1"]

1. d4 Nf6 2. c4 e6 3. Nf3 Bb4+ 4. Bd2 c5 5. Bxb4 cxb4 6. g3 0-0 7. Bg2 d6 8. a3 Nc6 9. 0-0 Qb6 10. axb4 Qxb4 11. Qc2 Bd7 12. Rc1 Rfc8 13. Qd2 Qxd2 14. Nbxd2 b6 15. e3 h6 16. Ne1 a5 17. Nd3 Rab8 18. b3 Kf8 19. f4 Ke7 20. Bf3 Ne8 21. Kf2 Nc7 22. c5 bxc5 23. Bxc6 Bxc6 24. dxc5 Bb5 25. cxd6+ Kxd6 26. Ne5 f6 27. Nec4+ Bxc4 28. Nxc4+ Kd7 29. Nxa5 Nd5 30. Rxc8 Kxc8 31. e4 Nc7 32. Ke3 g5 33. Ra3 Kd7 34. Nc4 Rb4 35. Nd2 gxf4+ 36. gxf4 f5 37. Ra4 Rb5 38. Rd4+ Kc6 39. Rd3 fxe4 40. Kxe4 Nd5 41. Nc4 h5 42. Ne5+ Kc7 43. Rg3 Kd6 44. Rf3 Rb4+ 45. Nc4+ Ke7 46. Ke5 Nf6 47. Kd4 Rb5 48. Ne3 Rb4+ 49. Kc5 Rb8 50. Nc4 Rc8+ 51. Kb5 Nd5 52. f5 Rf8 53. Kc5 Nf6 54. Ne5 Ne4+ 55. Kd4 Nd2 56. Ng6+ Kf6 57. Nxf8 Nxf3+ 58. Ke3 Nxh2 59. fxe6 Ng4+ 60. Kf4 Ke7 61. b4 Kxf8 62. b5 Nf6 63. Kf5 Ke7 64. b6 Ne8 65. b7 Nd6+ 66. Kg5 1/2-1/2